Az év végi vizsga tapasztalatai
Elmentve itt :
| Szerző: | |
|---|---|
| Dokumentumtípus: | Cikk |
| Megjelent: |
1993
|
| Sorozat: | Módszertani közlemények
33 No. 1 |
| Kulcsszavak: | Neveléstudomány |
| Online Access: | http://acta.bibl.u-szeged.hu/27868 |
| LEADER | 00597nab a2200181 i 4500 | ||
|---|---|---|---|
| 001 | acta27868 | ||
| 005 | 20210222153931.0 | ||
| 008 | 161017s1993 hu o 0|| hun d | ||
| 022 | |a 1219-0039 | ||
| 040 | |a SZTE Egyetemi Kiadványok Repozitórium |b hun | ||
| 041 | |a hun | ||
| 100 | 1 | |a Bankó Béla | |
| 245 | 1 | 3 | |a Az év végi vizsga tapasztalatai |h [elektronikus dokumentum] / |c Bankó Béla |
| 260 | |c 1993 | ||
| 300 | |a 19-23 | ||
| 490 | 0 | |a Módszertani közlemények |v 33 No. 1 | |
| 695 | |a Neveléstudomány | ||
| 856 | 4 | 0 | |u http://acta.bibl.u-szeged.hu/27868/1/modszertani_033_001_019-023.pdf |z Dokumentum-elérés |